000 01117nam a22002537a 4500
005 20170124102940.0
010 _aB-069806
020 _c195.00
_a8126702966
035 _aB-069806
037 _bCen Lib/Ret
040 _aDPL
_bHN
082 _a828
_bयादव
100 _aयादव, राजेन्द्र
_942810
245 _aमुड़-मुड़के देखता हूँ :
_cराजेन्द्र यादव
_bलगभग आत्मकथ्य /
246 _aMud-Mudke dekhta hun : lagbhag aatmkathye /
_bby Rajendra Yadav
260 _aनयी दिल्ली
_bराजकमल प्रकाशन
_c2001
270 _a1-बी, नेताजी सुभाष मार्ग
_bनयी दिल्ली
_e110002
300 _axii,203पृ.
_c21सेमी (सजिल्द)
650 _aहिन्दी -- साहित्य
_948225
650 _aहिन्दी -- कहानी
_9779
650 _aHindi - literature
_948226
650 _aHindi - story
_943117
942 _2ddc
_cHN
_h828
_mयादव
999 _c112570
_d112570